Biochemical characterisation of RRII 400 series clones of Hevea brasiliensis (Record no. 54738)

MARC details
000 -LEADER
fixed length control field 00547nam a2200205Ia 4500
100 ## - MAIN ENTRY--AUTHOR NAME
Personal name Sreelatha S
245 #0 - TITLE STATEMENT
Title Biochemical characterisation of RRII 400 series clones of Hevea brasiliensis
260 ## - PUBLICATION, DISTRIBUTION, ETC. (IMPRINT)
Name of publisher Natural Rubber Research
Year of publication 2009
300 ## - PHYSICAL DESCRIPTION
Number of Pages 36-42
650 ## - SUBJECT ADDED ENTRY--TOPICAL TERM
Topical Term Antioxidant enzymes
650 ## - SUBJECT ADDED ENTRY--TOPICAL TERM
Topical Term C-serum
650 ## - SUBJECT ADDED ENTRY--TOPICAL TERM
Topical Term Latex regeneration
650 ## - SUBJECT ADDED ENTRY--TOPICAL TERM
Topical Term Rubber yield
700 ## - ADDED ENTRY--PERSONAL NAME
Personal name Jacob J
700 ## - ADDED ENTRY--PERSONAL NAME
Personal name Krishnakumar R
700 ## - ADDED ENTRY--PERSONAL NAME
Personal name Mydin K K
700 ## - ADDED ENTRY--PERSONAL NAME
Personal name Simon S P
942 ## - ADDED ENTRY ELEMENTS (KOHA)
Koha item type Journals
Holdings
Withdrawn status Lost status Damaged status Not for loan Home library Current library Shelving location Date acquired Serial Enumeration / chronology Koha item type
      Journals RRII Library RRII Library Plant physiology 31/05/2011 Volume 22, Issue 1&2 Journals